[Event "ChampionshipRT"]
[Site "?"]
[Date "2015.10.04"]
[Round "3.9"]
[White "Markelova, Lubov"]
[Black "Belova, Olga"]
[Result "1-0"]
[LiveChessVersion "1.4.6"]
[BlackElo "2049"]
[WhiteElo "2090"]

1. Nf3 {[%clk 1:25:10]} Nf6 {[%clk 1:27:44]} 2. c4 {[%clk 1:25:24]} e6
{[%clk 1:28:00]} 3. g3 {[%clk 1:25:33]} b6 {[%clk 1:28:09]} 4. Bg2
{[%clk 1:25:55]} Bb7 {[%clk 1:28:32]} 5. O-O {[%clk 1:25:46]} Be7
{[%clk 1:27:37]} 6. Nc3 {[%clk 1:25:51]} O-O {[%clk 1:27:55]} 7. Re1
{[%clk 1:25:50]} d6 {[%clk 1:25:14]} 8. e4 {[%clk 1:22:56]} c5 {[%clk 1:21:46]}
9. d4 {[%clk 1:22:15]} cxd4 {[%clk 1:21:20]} 10. Nxd4 {[%clk 1:22:39]} Qc8
{[%clk 0:52:52]} 11. f4 {[%clk 1:14:33]} Qxc4 {[%clk 0:41:54]} 12. Be3
{[%clk 1:05:40]} Qc8 {[%clk 0:37:44]} 13. Rc1 {[%clk 1:01:11]} Qd7
{[%clk 0:35:51]} 14. g4 {[%clk 0:46:42]} Nc6 {[%clk 0:29:52]} 15. g5
{[%clk 0:36:49]} Ne8 {[%clk 0:29:44]} 16. Qg4 {[%clk 0:29:00]} Nc7
{[%clk 0:19:11]} 17. Nd5 {[%clk 0:22:55]} Nxd5 {[%clk 0:13:26]} 18. exd5
{[%clk 0:22:32]} Nxd4 {[%clk 0:06:29]} 19. Bxd4 {[%clk 0:22:53]} Qa4
{[%clk 0:06:46]} 20. Bc3 {[%clk 0:12:52]} Rae8 {[%clk 0:05:04]} 21. Be4
{[%clk 0:06:27]} Bxd5 {[%clk 0:02:14]} 22. Bc2 {[%clk 0:01:30]} Qc4
{[%clk 0:02:41]} 23. Bxh7+ {[%clk 0:00:40]} Kxh7 {[%clk 0:03:00]} 24. Qh5+
{[%clk 0:00:51]} Kg8 {[%clk 0:03:04]} 25. Bxg7 {[%clk 0:01:13]} Kxg7
{[%clk 0:03:17]} 26. Qh6+ {[%clk 0:01:18]} Kg8 {[%clk 0:03:40]} 27. Rxc4
{[%clk 0:01:40]} Bxc4 {[%clk 0:01:24]} 28. Re3 {[%clk 0:00:44]} d5
{[%clk 0:00:33]} 29. g6 {[%clk 0:01:02]} 1-0

[Event "ChampionshipRT"]
[Site "?"]
[Date "2015.10.04"]
[Round "3.10"]
[White "Kuznetsova, Darya"]
[Black "Khazieva, Elza"]
[Result "1-0"]
[LiveChessVersion "1.4.6"]
[BlackElo "2130"]
[WhiteElo "1936"]

1. e4 {[%clk 1:30:58]} e6 {[%clk 1:29:26]} 2. d4 {[%clk 1:31:21]} d5
{[%clk 1:29:47]} 3. Nc3 {[%clk 1:31:45]} Nf6 {[%clk 1:30:08]} 4. e5
{[%clk 1:32:09]} Nfd7 {[%clk 1:30:33]} 5. f4 {[%clk 1:32:19]} c5 {[%clk 1:30:27]}
6. Nf3 {[%clk 1:32:42]} Nc6 {[%clk 1:30:51]} 7. Ne2 {[%clk 1:33:04]} Qb6
{[%clk 1:25:03]} 8. c3 {[%clk 1:32:09]} cxd4 {[%clk 1:22:22]} 9. Nexd4
{[%clk 1:29:45]} Bc5 {[%clk 1:19:03]} 10. Be2 {[%clk 1:20:25]} O-O
{[%clk 1:17:27]} 11. O-O {[%clk 1:13:48]} Re8 {[%clk 1:06:24]} 12. Kh1
{[%clk 1:09:31]} f6 {[%clk 0:53:20]} 13. f5 {[%clk 0:52:45]} exf5
{[%clk 0:43:15]} 14. Nxf5 {[%clk 0:44:20]} Ndxe5 {[%clk 0:39:28]} 15. Nxe5
{[%clk 0:42:48]} Rxe5 {[%clk 0:36:20]} 16. Bd3 {[%clk 0:36:42]} Qd8
{[%clk 0:22:18]} 17. Qc2 {[%clk 0:28:29]} g6 {[%clk 0:13:49]} 18. Ng3
{[%clk 0:21:44]} f5 {[%clk 0:12:30]} 19. Bf4 {[%clk 0:20:27]} Re8
{[%clk 0:12:45]} 20. Rad1 {[%clk 0:11:27]} Qf6 {[%clk 0:06:04]} 21. Qd2
{[%clk 0:08:59]} Be6 {[%clk 0:03:09]} 22. Bg5 {[%clk 0:07:18]} Qf7
{[%clk 0:02:56]} 23. Ne2 {[%clk 0:05:25]} Ne5 {[%clk 0:02:47]} 24. Bb5
{[%clk 0:04:14]} Bd7 {[%clk 0:01:22]} 25. Bxd7 {[%clk 0:03:53]} Qxd7
{[%clk 0:01:00]} 26. Nf4 {[%clk 0:02:52]} Nc4 {[%clk 0:00:54]} 27. Qxd5+
{[%clk 0:02:17]} Qxd5 {[%clk 0:01:22]} 28. Nxd5 {[%clk 0:02:34]} Re2
{[%clk 0:00:44]} 29. Nf6+ {[%clk 0:02:17]} Kh8 {[%clk 0:00:44]} 30. Rd7
{[%clk 0:01:25]} Re7 {[%clk 0:00:43]} 31. Rfd1 {[%clk 0:01:01]} Ne5
{[%clk 0:00:37]} 32. Rd8+ {[%clk 0:00:58]} Rxd8 {[%clk 0:01:05]} 33. Rxd8+
{[%clk 0:01:23]} Kg7 {[%clk 0:02:03]} 34. Ne8+ {[%clk 0:01:28]} Kf7
{[%clk 0:02:11]} 35. Bxe7 {[%clk 0:01:19]} Kxe7 {[%clk 0:02:22]} 36. Rd5
{[%clk 0:01:40]} Nd7 {[%clk 0:01:57]} 37. Nf6 {[%clk 0:01:23]} Nxf6
{[%clk 0:02:12]} 38. Rxc5 {[%clk 0:01:46]} Kd6 {[%clk 0:02:36]} 39. Rc4
{[%clk 0:01:42]} b6 {[%clk 0:01:17]} 40. Kg1 {[%clk 0:01:26]} Ne4
{[%clk 0:01:25]} 41. Rd4+ {[%clk 0:01:42]} Ke6 {[%clk 0:00:59]} 42. Kf1
{[%clk 0:01:40]} g5 {[%clk 0:01:19]} 43. Ke2 {[%clk 0:01:37]} h5 {[%clk 0:01:35]}
44. Ke3 {[%clk 0:01:07]} Nf6 {[%clk 0:01:38]} 45. h3 {[%clk 0:00:39]} h4
{[%clk 0:00:50]} 46. Kf3 {[%clk 0:00:42]} Ke5 {[%clk 0:01:03]} 47. Ra4
{[%clk 0:01:00]} a5 {[%clk 0:01:27]} 48. Rc4 {[%clk 0:00:59]} Kd5
{[%clk 0:00:48]} 49. Rd4+ {[%clk 0:00:57]} Ke5 {[%clk 0:01:17]} 50. Rc4
{[%clk 0:01:11]} Kd5 {[%clk 0:01:44]} 51. Rc8 {[%clk 0:01:13]} Ne4
{[%clk 0:01:56]} 52. Rd8+ {[%clk 0:01:22]} Kc5 {[%clk 0:00:51]} 53. Rf8
{[%clk 0:01:14]} Ng3 {[%clk 0:01:06]} 54. Re8 {[%clk 0:01:14]} Kc4
{[%clk 0:00:44]} 55. Rc8+ {[%clk 0:01:28]} Kd5 {[%clk 0:01:02]} 56. c4+
{[%clk 0:01:22]} Kd4 {[%clk 0:01:12]} 57. b3 {[%clk 0:01:26]} Ne4
{[%clk 0:00:40]} 58. Rc6 {[%clk 0:01:22]} Nd2+ {[%clk 0:00:52]} 59. Ke2
{[%clk 0:01:36]} Ne4 {[%clk 0:00:56]} 60. Rxb6 {[%clk 0:01:38]} g4
{[%clk 0:00:37]} 61. hxg4 {[%clk 0:01:22]} fxg4 {[%clk 0:01:05]} 62. Rg6
{[%clk 0:01:42]} h3 {[%clk 0:00:35]} 63. gxh3 {[%clk 0:01:38]} gxh3
{[%clk 0:01:00]} 64. Rh6 {[%clk 0:01:59]} Nc3+ {[%clk 0:00:56]} 65. Kd2
{[%clk 0:01:25]} Nxa2 {[%clk 0:01:04]} 66. Rxh3 {[%clk 0:01:44]} a4
{[%clk 0:00:34]} 67. Rh4+ {[%clk 0:02:02]} Kc5 {[%clk 0:01:03]} 68. bxa4
{[%clk 0:01:36]} Kb4 {[%clk 0:01:16]} 69. Kc2 {[%clk 0:01:16]} Ka5
{[%clk 0:01:08]} 70. c5 {[%clk 0:01:29]} 1-0

[Event "ChampionshipRT"]
[Site "?"]
[Date "2015.10.05"]
[Round "4.1"]
[White "Yandemirov, Valeri"]
[Black "Korovin, Mikhail"]
[Result "1-0"]
[LiveChessVersion "1.4.6"]
[BlackElo "2227"]
[WhiteElo "2376"]

1. Nf3 {[%clk 1:30:56]} Nf6 {[%clk 1:30:52]} 2. g3 {[%clk 1:31:20]} d6
{[%clk 1:31:12]} 3. d4 {[%clk 1:31:09]} Bf5 {[%clk 1:31:29]} 4. Bg2
{[%clk 1:30:55]} c6 {[%clk 1:31:53]} 5. O-O {[%clk 1:28:52]} Nbd7
{[%clk 1:32:10]} 6. c4 {[%clk 1:22:59]} e5 {[%clk 1:31:46]} 7. Nc3
{[%clk 1:21:35]} h6 {[%clk 1:29:19]} 8. d5 {[%clk 1:12:03]} Rc8 {[%clk 1:26:06]}
9. Nh4 {[%clk 1:01:58]} Bh7 {[%clk 1:26:22]} 10. e4 {[%clk 1:01:20]} Be7
{[%clk 1:23:36]} 11. Qe2 {[%clk 0:55:52]} O-O {[%clk 1:23:29]} 12. Bh3
{[%clk 0:54:01]} cxd5 {[%clk 1:18:11]} 13. cxd5 {[%clk 0:52:55]} a6
{[%clk 1:16:14]} 14. Nf5 {[%clk 0:45:37]} b5 {[%clk 1:15:10]} 15. Bd2
{[%clk 0:44:13]} Re8 {[%clk 1:13:32]} 16. Nxe7+ {[%clk 0:34:06]} Rxe7
{[%clk 1:06:44]} 17. f3 {[%clk 0:33:53]} Ne8 {[%clk 1:06:36]} 18. Rfc1
{[%clk 0:31:42]} Rb8 {[%clk 1:01:51]} 19. Nd1 {[%clk 0:31:24]} f5
{[%clk 0:58:37]} 20. Rc6 {[%clk 0:30:40]} fxe4 {[%clk 0:58:00]} 21. fxe4
{[%clk 0:30:46]} Nc5 {[%clk 0:46:58]} 22. Nf2 {[%clk 0:29:56]} b4
{[%clk 0:46:17]} 23. Rc1 {[%clk 0:26:46]} Kh8 {[%clk 0:38:11]} 24. Be3
{[%clk 0:23:22]} Nxe4 {[%clk 0:22:59]} 25. Nxe4 {[%clk 0:21:04]} Bxe4
{[%clk 0:21:58]} 26. Bb6 {[%clk 0:21:21]} Rxb6 {[%clk 0:15:22]} 27. Rc8
{[%clk 0:20:57]} Qxc8 {[%clk 0:15:48]} 28. Rxc8 {[%clk 0:21:22]} Bg6
{[%clk 0:15:54]} 29. Qf2 {[%clk 0:21:32]} Rbb7 {[%clk 0:16:16]} 30. Qf8+
{[%clk 0:21:02]} Kh7 {[%clk 0:16:42]} 31. Be6 {[%clk 0:21:03]} 1-0

[Event "ChampionshipRT"]
[Site "?"]
[Date "2015.10.05"]
[Round "4.2"]
[White "Nizamov, Ildar"]
[Black "Samusenko, Maksim"]
[Result "1/2-1/2"]
[LiveChessVersion "1.4.6"]
[BlackElo "2334"]
[WhiteElo "2286"]

1. Nf3 {[%clk 1:30:54]} Nf6 {[%clk 1:30:37]} 2. d4 {[%clk 1:29:38]} g6
{[%clk 1:30:28]} 3. c3 {[%clk 1:29:29]} Bg7 {[%clk 1:30:10]} 4. Bg5
{[%clk 1:29:03]} d6 {[%clk 1:30:08]} 5. Nbd2 {[%clk 1:29:00]} c5 {[%clk 1:28:42]}
6. e3 {[%clk 1:27:02]} O-O {[%clk 1:28:22]} 7. Bc4 {[%clk 1:19:49]} Nc6
{[%clk 1:20:01]} 8. O-O {[%clk 1:19:46]} b6 {[%clk 1:18:36]} 9. a4
{[%clk 1:11:43]} Bb7 {[%clk 1:15:17]} 10. Qb1 {[%clk 1:05:02]} Rc8
{[%clk 1:07:15]} 11. b4 {[%clk 0:42:38]} cxb4 {[%clk 0:56:06]} 12. cxb4
{[%clk 0:43:07]} a5 {[%clk 0:53:52]} 13. bxa5 {[%clk 0:39:10]} Nxa5
{[%clk 0:54:00]} 14. Bd3 {[%clk 0:35:56]} Nd5 {[%clk 0:37:31]} 15. e4
{[%clk 0:27:04]} h6 {[%clk 0:32:08]} 16. exd5 {[%clk 0:26:16]} hxg5
{[%clk 0:32:19]} 17. Nxg5 {[%clk 0:25:51]} e6 {[%clk 0:28:37]} 18. Ndf3
{[%clk 0:22:31]} Bxd5 {[%clk 0:27:01]} 19. Be4 {[%clk 0:23:00]} Bc4
{[%clk 0:20:18]} 20. Bd3 {[%clk 0:21:28]} Bd5 {[%clk 0:17:11]} 21. Be4
{[%clk 0:21:44]} Nc6 {[%clk 0:12:58]} 22. Bxd5 {[%clk 0:20:25]} exd5
{[%clk 0:13:21]} 23. Ra3 {[%clk 0:14:28]} Nxd4 {[%clk 0:12:04]} 24. Nxd4
{[%clk 0:14:17]} Qxg5 {[%clk 0:11:44]} 25. Nf3 {[%clk 0:14:14]} Qd8
{[%clk 0:11:07]} 26. Rd3 {[%clk 0:13:49]} Rc4 {[%clk 0:09:01]} 27. Qb3
{[%clk 0:12:37]} Qa8 {[%clk 0:08:41]} 28. Qxb6 Qxa4 29. Rxd5 Rc6 30. Qb7 Qa6
1/2-1/2

[Event "ChampionshipRT"]
[Site "?"]
[Date "2015.10.05"]
[Round "4.3"]
[White "Toropov, Pavel"]
[Black "Glukhov, Alexander"]
[Result "1/2-1/2"]
[LiveChessVersion "1.4.6"]
[BlackElo "2287"]
[WhiteElo "2262"]

1. d4 {[%clk 1:27:22]} d5 {[%clk 1:30:05]} 2. Nf3 {[%clk 1:27:46]} Nf6
{[%clk 1:30:08]} 3. c4 {[%clk 1:28:11]} g6 {[%clk 1:26:14]} 4. Nc3
{[%clk 1:28:24]} Bg7 {[%clk 1:26:35]} 5. Qb3 {[%clk 1:28:49]} dxc4
{[%clk 1:24:00]} 6. Qxc4 {[%clk 1:29:18]} O-O {[%clk 1:24:19]} 7. e4
{[%clk 1:29:43]} c6 {[%clk 1:22:25]} 8. Be2 {[%clk 1:28:33]} b5 {[%clk 1:22:41]}
9. Qb3 {[%clk 1:28:56]} Qa5 {[%clk 0:59:00]} 10. e5 {[%clk 1:20:34]} Be6
{[%clk 0:58:31]} 11. Qc2 {[%clk 1:20:53]} Nd5 {[%clk 0:49:02]} 12. O-O
{[%clk 1:20:31]} Nxc3 {[%clk 0:48:45]} 13. bxc3 {[%clk 1:20:59]} Nd7
{[%clk 0:48:38]} 14. a4 {[%clk 1:10:23]} Nb6 {[%clk 0:36:50]} 15. Bd2
{[%clk 0:54:15]} Bc4 {[%clk 0:21:59]} 16. Rfb1 {[%clk 0:30:33]} bxa4
{[%clk 0:19:04]} 17. Bxc4 {[%clk 0:29:09]} Nxc4 {[%clk 0:19:32]} 18. Rxa4
{[%clk 0:29:38]} Qd5 {[%clk 0:19:49]} 19. Bc1 {[%clk 0:18:58]} Nb6
{[%clk 0:02:49]} 20. Rab4 {[%clk 0:03:18]} c5 {[%clk 0:02:31]} 21. dxc5
{[%clk 0:02:57]} Qxc5 {[%clk 0:02:38]} 22. Be3 {[%clk 0:03:17]} Qc7
{[%clk 0:02:52]} 23. Bxb6 {[%clk 0:01:16]} axb6 {[%clk 0:03:17]} 24. Rxb6
{[%clk 0:01:12]} Bxe5 {[%clk 0:02:38]} 25. Nxe5 {[%clk 0:00:55]} 1/2-1/2

[Event "ChampionshipRT"]
[Site "?"]
[Date "2015.10.05"]
[Round "4.4"]
[White "Makhmutov, Rail"]
[Black "Pavlov, Denis"]
[Result "0-1"]
[LiveChessVersion "1.4.6"]
[BlackElo "2284"]
[WhiteElo "2461"]

1. d4 {[%clk 1:27:33]} Nf6 {[%clk 1:30:36]} 2. c4 {[%clk 1:27:57]} e6
{[%clk 1:30:56]} 3. g3 {[%clk 1:27:56]} d5 {[%clk 1:31:08]} 4. Bg2
{[%clk 1:28:20]} Be7 {[%clk 1:31:20]} 5. Nf3 {[%clk 1:28:42]} O-O
{[%clk 1:31:31]} 6. O-O {[%clk 1:28:58]} dxc4 {[%clk 1:31:28]} 7. Ne5
{[%clk 1:28:50]} Nc6 {[%clk 1:29:29]} 8. Bxc6 {[%clk 1:29:05]} bxc6
{[%clk 1:29:51]} 9. Nxc6 {[%clk 1:29:29]} Qe8 {[%clk 1:25:52]} 10. Nxe7+
{[%clk 1:28:15]} Qxe7 {[%clk 1:26:20]} 11. Qa4 {[%clk 1:28:25]} c5
{[%clk 1:10:34]} 12. Qa3 {[%clk 1:25:01]} Nd5 {[%clk 0:58:12]} 13. dxc5
{[%clk 1:22:01]} Rb8 {[%clk 0:55:51]} 14. Bd2 {[%clk 1:07:09]} f5
{[%clk 0:31:27]} 15. Nc3 {[%clk 1:00:09]} Nb4 {[%clk 0:25:12]} 16. Rac1
{[%clk 1:00:03]} Qxc5 {[%clk 0:24:27]} 17. Be3 {[%clk 0:56:03]} Qc6
{[%clk 0:24:38]} 18. Bxa7 {[%clk 0:54:04]} Ra8 {[%clk 0:23:21]} 19. Qxb4
{[%clk 0:53:04]} Rxa7 {[%clk 0:22:42]} 20. Rfd1 {[%clk 0:46:41]} Rb7
{[%clk 0:18:54]} 21. Qa3 {[%clk 0:46:46]} Rb6 {[%clk 0:19:18]} 22. Rc2
{[%clk 0:38:03]} Bb7 {[%clk 0:13:53]} 23. f3 {[%clk 0:38:22]} Qc7
{[%clk 0:14:08]} 24. Rcd2 {[%clk 0:37:13]} Ra8 {[%clk 0:09:02]} 25. Rd7
{[%clk 0:36:49]} Qxd7 {[%clk 0:07:31]} 26. Qxa8+ {[%clk 0:37:02]} Bxa8
{[%clk 0:08:00]} 27. Rxd7 {[%clk 0:37:24]} Bc6 {[%clk 0:04:48]} 28. Rd2
{[%clk 0:30:00]} Kf7 {[%clk 0:05:01]} 29. Kf2 {[%clk 0:30:22]} g5
{[%clk 0:04:56]} 30. Ke3 {[%clk 0:22:20]} Rb8 {[%clk 0:04:31]} 31. Kf2
{[%clk 0:21:16]} Ke7 {[%clk 0:04:34]} 32. Ke1 {[%clk 0:21:31]} h5
{[%clk 0:04:42]} 33. Kd1 {[%clk 0:20:38]} e5 {[%clk 0:04:33]} 34. Kc2
{[%clk 0:20:25]} Ke6 {[%clk 0:04:45]} 35. Nd1 {[%clk 0:17:29]} f4
{[%clk 0:03:44]} 36. gxf4 {[%clk 0:15:59]} gxf4 {[%clk 0:04:12]} 37. Kc3
{[%clk 0:15:53]} Bd5 {[%clk 0:04:24]} 38. e4 {[%clk 0:14:25]} fxe3
{[%clk 0:04:25]} 39. Nxe3 {[%clk 0:14:51]} Bxf3 {[%clk 0:04:48]} 40. Nxc4
{[%clk 0:13:39]} Bd5 {[%clk 0:04:33]} 41. a4 {[%clk 0:13:38]} Rc8
{[%clk 0:04:13]} 42. Rxd5 {[%clk 0:13:52]} Kxd5 {[%clk 0:04:41]} 43. b3
{[%clk 0:14:07]} e4 {[%clk 0:03:30]} 44. a5 {[%clk 0:13:51]} Kc5 {[%clk 0:03:44]}
45. a6 {[%clk 0:13:26]} Ra8 {[%clk 0:02:57]} 46. b4+ {[%clk 0:13:16]} Kb5
{[%clk 0:02:00]} 47. Nd6+ {[%clk 0:13:15]} Kxa6 {[%clk 0:02:27]} 48. Nxe4
{[%clk 0:13:36]} Rd8 {[%clk 0:01:49]} 49. Kc4 {[%clk 0:10:23]} h4
{[%clk 0:02:00]} 50. h3 {[%clk 0:09:56]} Rd1 {[%clk 0:01:58]} 51. Kc5
{[%clk 0:08:42]} Rh1 {[%clk 0:02:01]} 52. Ng5 {[%clk 0:08:45]} Rf1
{[%clk 0:02:30]} 53. b5+ {[%clk 0:05:59]} Kb7 {[%clk 0:01:58]} 54. Kd4
{[%clk 0:01:49]} Rf5 {[%clk 0:02:23]} 55. Ne4 {[%clk 0:01:15]} Rf3
{[%clk 0:02:49]} 56. Nd6+ {[%clk 0:00:49]} Kb8 {[%clk 0:02:40]} 57. Ke4
{[%clk 0:01:08]} Rxh3 {[%clk 0:02:59]} 58. Kf4 {[%clk 0:00:41]} Rb3
{[%clk 0:02:55]} 59. Nf5 {[%clk 0:00:36]} h3 {[%clk 0:03:12]} 0-1

[Event "ChampionshipRT"]
[Site "?"]
[Date "2015.10.05"]
[Round "4.5"]
[White "Faizrakhmanov, Ramil"]
[Black "Sharafiev, Azat"]
[Result "0-1"]
[LiveChessVersion "1.4.6"]
[BlackElo "2419"]
[WhiteElo "2389"]

1. d4 {[%clk 1:30:55]} Nf6 {[%clk 1:30:34]} 2. c4 {[%clk 1:31:06]} g6
{[%clk 1:30:13]} 3. Nc3 {[%clk 1:30:17]} Bg7 {[%clk 1:30:26]} 4. e4
{[%clk 1:30:19]} d6 {[%clk 1:30:47]} 5. h3 {[%clk 1:29:52]} O-O {[%clk 1:30:00]}
6. Bg5 {[%clk 1:29:56]} c5 {[%clk 1:29:36]} 7. d5 {[%clk 1:28:16]} e6
{[%clk 1:29:28]} 8. Nf3 {[%clk 1:27:00]} exd5 {[%clk 1:28:28]} 9. cxd5
{[%clk 1:26:27]} Re8 {[%clk 1:28:38]} 10. Bd3 {[%clk 1:26:08]} c4
{[%clk 1:28:41]} 11. Bc2 {[%clk 1:26:22]} b5 {[%clk 1:28:00]} 12. a3
{[%clk 1:26:12]} Nbd7 {[%clk 1:28:17]} 13. O-O {[%clk 1:25:17]} Nc5
{[%clk 1:28:24]} 14. Re1 {[%clk 1:20:15]} Qb6 {[%clk 1:28:38]} 15. Qd2
{[%clk 1:09:35]} Bb7 {[%clk 1:28:56]} 16. Nd4 {[%clk 0:59:07]} a6
{[%clk 1:21:20]} 17. Rad1 {[%clk 0:58:32]} Nfd7 {[%clk 1:12:58]} 18. Be3
{[%clk 0:52:08]} Qc7 {[%clk 1:04:00]} 19. f4 {[%clk 0:50:40]} Nf6
{[%clk 1:03:27]} 20. Bf2 {[%clk 0:50:37]} Bh6 {[%clk 1:01:48]} 21. Nf3
{[%clk 0:44:14]} Nh5 {[%clk 0:56:47]} 22. g3 {[%clk 0:39:56]} Bc8
{[%clk 0:55:54]} 23. Kg2 {[%clk 0:39:42]} a5 {[%clk 0:55:09]} 24. Ng1
{[%clk 0:22:37]} b4 {[%clk 0:48:08]} 25. Nb5 {[%clk 0:21:47]} Qd7
{[%clk 0:46:17]} 26. Nd4 {[%clk 0:21:30]} Nf6 {[%clk 0:38:33]} 27. axb4
{[%clk 0:10:38]} Ncxe4 {[%clk 0:38:24]} 28. Bxe4 {[%clk 0:10:55]} Nxe4
{[%clk 0:38:45]} 29. Qc2 {[%clk 0:10:34]} Bb7 {[%clk 0:35:46]} 30. Ndf3
{[%clk 0:10:51]} Nxf2 {[%clk 0:34:38]} 31. Rxe8+ {[%clk 0:10:16]} Qxe8
{[%clk 0:33:32]} 32. Kxf2 {[%clk 0:10:16]} Qb5 {[%clk 0:33:20]} 33. bxa5
{[%clk 0:09:17]} Rxa5 {[%clk 0:29:31]} 34. Ne2 {[%clk 0:07:29]} Qb6+
{[%clk 0:27:23]} 35. Nfd4 {[%clk 0:05:27]} Bxd5 {[%clk 0:24:36]} 36. g4
{[%clk 0:05:50]} Ra8 {[%clk 0:18:35]} 37. Nc3 {[%clk 0:05:14]} Bb7
{[%clk 0:18:54]} 38. Kg3 {[%clk 0:05:27]} Re8 {[%clk 0:18:35]} 39. Qd2
{[%clk 0:05:22]} Qc5 {[%clk 0:17:44]} 40. Nf3 {[%clk 0:04:01]} Re3
{[%clk 0:16:23]} 41. Rf1 {[%clk 0:04:24]} Bxf4+ {[%clk 0:16:05]} 42. Kxf4
{[%clk 0:04:15]} Rxf3+ {[%clk 0:16:28]} 0-1

[Event "ChampionshipRT"]
[Site "?"]
[Date "2015.10.05"]
[Round "4.6"]
[White "Shkuro, Alexandr"]
[Black "Murtazin, Bulat"]
[Result "0-1"]
[LiveChessVersion "1.4.6"]
[BlackElo "2384"]
[WhiteElo "1997"]

1. d4 {[%clk 1:30:55]} d5 {[%clk 1:30:47]} 2. c4 {[%clk 1:31:20]} e6
{[%clk 1:31:12]} 3. Nf3 {[%clk 1:31:44]} Nf6 {[%clk 1:31:32]} 4. Bg5
{[%clk 1:32:07]} Be7 {[%clk 1:31:23]} 5. e3 {[%clk 1:31:55]} h6 {[%clk 1:31:34]}
6. Bxf6 {[%clk 1:32:49]} Bxf6 {[%clk 1:31:59]} 7. Nc3 {[%clk 1:32:46]} O-O
{[%clk 1:30:07]} 8. Bd3 {[%clk 1:33:07]} c5 {[%clk 1:29:17]} 9. O-O
{[%clk 1:32:51]} cxd4 {[%clk 1:22:48]} 10. Nxd4 {[%clk 1:31:09]} Nc6
{[%clk 1:13:24]} 11. Nxc6 {[%clk 1:30:34]} bxc6 {[%clk 1:13:44]} 12. Qc2
{[%clk 1:30:44]} Rb8 {[%clk 1:09:46]} 13. Rab1 {[%clk 1:24:07]} Be5
{[%clk 1:01:29]} 14. b3 {[%clk 1:20:07]} Qh4 {[%clk 0:55:37]} 15. g3
{[%clk 1:17:54]} Qe7 {[%clk 0:49:33]} 16. Rfd1 {[%clk 1:15:07]} Rd8
{[%clk 0:46:49]} 17. Ne2 {[%clk 1:11:56]} Bb7 {[%clk 0:45:10]} 18. c5
{[%clk 1:08:29]} Bc7 {[%clk 0:45:07]} 19. b4 {[%clk 1:05:09]} e5 {[%clk 0:41:25]}
20. e4 {[%clk 1:03:27]} Bc8 {[%clk 0:41:34]} 21. Kg2 {[%clk 1:00:44]} Rf8
{[%clk 0:34:45]} 22. f3 {[%clk 0:57:55]} Qg5 {[%clk 0:32:58]} 23. Qd2
{[%clk 0:54:56]} Qh5 {[%clk 0:33:00]} 24. Ng1 {[%clk 0:51:16]} f5
{[%clk 0:31:36]} 25. exd5 {[%clk 0:37:56]} cxd5 {[%clk 0:30:32]} 26. Be2
{[%clk 0:37:59]} d4 {[%clk 0:29:03]} 27. f4 {[%clk 0:28:38]} Bb7+
{[%clk 0:28:38]} 28. Kf1 {[%clk 0:28:45]} Qg6 {[%clk 0:27:20]} 29. fxe5
{[%clk 0:19:56]} f4 {[%clk 0:21:35]} 30. g4 {[%clk 0:17:22]} f3 {[%clk 0:21:31]}
31. Bc4+ {[%clk 0:17:44]} Kh8 {[%clk 0:21:56]} 32. Qf2 {[%clk 0:13:23]} Qxg4
{[%clk 0:18:40]} 33. Rxd4 {[%clk 0:13:20]} Qg2+ {[%clk 0:19:02]} 34. Qxg2
{[%clk 0:11:43]} fxg2+ {[%clk 0:19:21]} 35. Ke2 {[%clk 0:08:13]} Bxe5
{[%clk 0:19:43]} 36. Rdd1 {[%clk 0:08:30]} Bxh2 {[%clk 0:19:41]} 37. Bb5
{[%clk 0:08:00]} Bxg1 {[%clk 0:20:00]} 38. Rxg1 {[%clk 0:08:13]} Bf3+
{[%clk 0:20:26]} 0-1